000 00340nam a2200133Ia 4500
008 191201s2010 xx 000 0 und d
082 _a510
_bGUS
100 _aGUPTA,Renu
245 0 _aSolution to Engineering Mathematics for 2nd Sem.
260 _aN. Delhi
_bIshan Publications
_c2010
300 _a448
650 _aApplied
942 _2ddc
_cBK
999 _c510
_d510